[Event "DE LOS TRABAJADORES"]
[Site "SchemingMind.com"]
[Date "2012.05.17"]
[Round "-"]
[White "TONYTODD11"]
[Black "lennart"]
[Result "1-0"]
[WhiteCountry "ENG"]
[BlackCountry "SWE"]
[WhiteElo "1509"]
[WhiteRD "91"]
[BlackElo "1558"]
[BlackRD "54"]
[GameID "310598"]

1. e4 e5 2. f4 exf4 3. Nf3 d6 4. d4 Bg4 5. Bc4 Nh6 6. O-O c6 7. Bxf4 b5 8. Bxh6 gxh6 9. Bxf7+ Kxf7 10. Ng5+ Ke8
11. Qxg4 hxg5 12. Nd2 h5 13. Qf5 Nd7 14. Qf7#
1-0

[Event "DE LOS TRABAJADORES"]
[Site "SchemingMind.com"]
[Date "2012.05.18"]
[Round "-"]
[White "zciwar"]
[Black "lennart"]
[Result "1-0"]
[WhiteCountry "POL"]
[BlackCountry "SWE"]
[WhiteElo "2102"]
[WhiteRD "126"]
[BlackElo "1558"]
[BlackRD "54"]
[GameID "310599"]

1. d4 d5 2. c4 dxc4 3. Nf3 Nc6 4. d5 Nb8 5. e4 Nf6 6. Nc3 e6 7. Bxc4 Bc5 8. O-O O-O 9. Qc2 exd5 10. Nxd5 Ng4
11. Bg5 f6 12. Rad1 Kh8 13. Nxf6 Qe7 14. Nxg4 Qe8 15. Rd8 Qxd8 16. Bxd8 Rxd8 17. Nge5 Rf8 18. Ng5
1-0

[Event "DE LOS TRABAJADORES"]
[Site "SchemingMind.com"]
[Date "2012.05.21"]
[Round "-"]
[White "emvarela"]
[Black "lennart"]
[Result "1-0"]
[WhiteCountry "ARG"]
[BlackCountry "SWE"]
[WhiteElo "1743"]
[WhiteRD "46"]
[BlackElo "1511"]
[BlackRD "56"]
[GameID "310600"]

1. e4 e5 2. Nf3 Nc6 3. d4 exd4 4. c3 dxc3 5. Bc4 h6 6. Nxc3 d6 7. Qb3 Qd7 8. Nd5 Nf6 9. Nxf6+ gxf6 10. Bb5 a6
11. Bxc6 Qxc6 12. O-O Be6 13. Qc3 Qxc3 14. bxc3 O-O-O 15. Be3 f5 16. exf5 Bxf5 17. Nd4 Bd3 18. Rfe1 Bg7 19. Red1 Be4 20. f3 Bg6
21. Kf2 h5 22. Rd2 c5 23. Ne2 Kb8 24. Rad1 Rc8 25. Rxd6 Be5 26. R6d5 Bf6 27. Rxc5 Rce8 28. Bd4 Bxd4+ 29. cxd4 h4 30. d5 Rh5
31. Nf4 Bf5 32. Nxh5 Bc2 33. d6 Bxd1 34. d7 Re2+ 35. Kf1 Rd2 36. Rc8+
1-0

[Event "DE LOS TRABAJADORES"]
[Site "SchemingMind.com"]
[Date "2012.05.17"]
[Round "-"]
[White "Scooter"]
[Black "lennart"]
[Result "0-1"]
[WhiteCountry "USA"]
[BlackCountry "SWE"]
[WhiteElo "1801"]
[WhiteRD "49"]
[BlackElo "1543"]
[BlackRD "55"]
[GameID "310601"]

1. d4 d5 2. Nf3 Nc6 3. Bf4 e6 4. e3 h6 5. c3 Bd6 6. Bxd6 Qxd6 7. Bb5 Ne7 8. O-O a6 9. Ba4 b5 10. Bc2 O-O
11. Nbd2 Rb8 12. b3 a5 13. e4 dxe4 14. Nxe4 Qd5 15. Nfd2 Rd8 16. Qf3 Kf8 17. Qg3 Nf5 18. Qf3 e5 19. dxe5 Nxe5 20. Qe2 Rb6
21. Rfd1 Re8 22. Nc4 Qa8 23. Nxb6 cxb6 24. Qxb5 Qa7 25. Nd6 Nxd6 26. Qd5 Re6 27. Bf5 Bb7 28. Qd2 Nxf5 29. Re1 b5 30. Qf4 Nd3
0-1

[Event "DE LOS TRABAJADORES"]
[Site "SchemingMind.com"]
[Date "2012.05.22"]
[Round "-"]
[White "Olli Ylönen"]
[Black "lennart"]
[Result "0-1"]
[WhiteCountry "FIN"]
[BlackCountry "SWE"]
[WhiteElo "1819"]
[WhiteRD "52"]
[BlackElo "1558"]
[BlackRD "54"]
[GameID "310602"]

1. d4 d5 2. c4 dxc4 3. Nf3 e6 4. e3 Nf6 5. Bxc4 Bd6 6. Nc3 Bb4 7. Ng1 Ne4 8. Ne2 Qg5 9. O-O Bxc3 10. Nxc3 Nxc3
11. bxc3 Nc6 12. e4 Qa5 13. Qg4 Rg8 14. Qf3 Bd7 15. d5 Ne5 16. Qe2 Qxc3 17. Bb2 Qxc4 18. Qh5 Nd3 19. Qe2 Qa6 20. dxe6 Bxe6
21. Rfd1 Nxb2
0-1

[Event "DE LOS TRABAJADORES"]
[Site "SchemingMind.com"]
[Date "2012.05.17"]
[Round "-"]
[White "cncbob"]
[Black "lennart"]
[Result "0-1"]
[WhiteCountry "ENG"]
[BlackCountry "SWE"]
[WhiteElo "1484"]
[WhiteRD "78"]
[BlackElo "1543"]
[BlackRD "55"]
[GameID "310603"]

1. d4 d5 2. c4 dxc4 3. Nf3 Nf6 4. e3 b5 5. a4 Ba6 6. Nc3 c6 7. axb5 cxb5 8. b4 h6 9. g3 e6 10. Bg2 Bb7
11. O-O Nbd7 12. Rb1 a5 13. Nxb5 Bxb4 14. Rxb4 axb4 15. Nd6+ Ke7 16. Nxc4 Ba6 17. Qb3 Rb8 18. Bd2 Kf8 19. Ra1 Bxc4 20. Bxb4+ Kg8
21. Qxc4 Kh7 22. Ba5 Qc8 23. Qd3+ g6 24. Ne5 Nxe5 25. Qf1 Ned7 26. Rc1 Qf8 27. h3 Qd6 28. Bc7 Qa3 29. Bxb8 Rxb8 30. Kh2 h5
31. Rc7 Kg7 32. e4 Nf8 33. Rc4 Qb2 34. e5 N6d7 35. Rc6 Qxd4 36. f4 Rb2
0-1

[Event "DE LOS TRABAJADORES"]
[Site "SchemingMind.com"]
[Date "2012.05.22"]
[Round "-"]
[White "kubinet"]
[Black "lennart"]
[Result "0-1"]
[WhiteCountry "GER"]
[BlackCountry "SWE"]
[WhiteElo "1682"]
[WhiteRD "59"]
[BlackElo "1511"]
[BlackRD "56"]
[GameID "310604"]

1. e4 e5 2. Nf3 Nc6 3. Bb5 Nce7 4. Nxe5 c6 5. Bc4 d5 6. exd5 cxd5 7. Bb5+ Nc6 8. Nxc6 Qb6 9. Qe2+ Be6 10. Nd4+ Ke7
11. c3 Nf6 12. O-O a6 13. Ba4 Rc8 14. d3 Kd8 15. Re1 Bd7 16. Bxd7 Kxd7 17. Qf3 Bd6 18. Qf5+ Kc7 19. b3 Kb8 20. Bb2 Qc7
21. g3 h5 22. Nd2 h4 23. Rac1 hxg3 24. fxg3 Bxg3 25. hxg3 Qxg3+ 26. Kf1 Rh1+ 27. Ke2 Re8+
0-1

[Event "DE LOS TRABAJADORES"]
[Site "SchemingMind.com"]
[Date "2012.05.19"]
[Round "-"]
[White "ray winteringham"]
[Black "agarr"]
[Result "0-1"]
[WhiteCountry "ENG"]
[BlackCountry "RUS"]
[WhiteElo "1513"]
[WhiteRD "53"]
[BlackElo "1854"]
[BlackRD "66"]
[GameID "310695"]

1. d4 d5 2. c4 dxc4 3. e4 Nc6 4. d5 Ne5 5. Be2 Nf6 6. Nc3 e6 7. Nf3 Nxf3+ 8. Bxf3 Bc5 9. O-O O-O 10. b3 cxb3
11. Qxb3 exd5 12. Rd1 d4 13. Ba3 Bxa3 14. Qxa3 Bg4 15. Bxg4 Nxg4 16. Ne2 Qh4 17. Qg3 Qxg3 18. fxg3 c5 19. Nf4 Rfe8 20. Re1 Ne3
21. Re2 Rxe4 22. Nd5 Rae8 23. Kf2 Nxd5
0-1

[Event "DE LOS TRABAJADORES"]
[Site "SchemingMind.com"]
[Date "2012.05.18"]
[Round "-"]
[White "ray winteringham"]
[Black "TONYTODD11"]
[Result "0-1"]
[WhiteCountry "ENG"]
[BlackCountry "ENG"]
[WhiteElo "1510"]
[WhiteRD "50"]
[BlackElo "1448"]
[BlackRD "79"]
[GameID "310696"]

1. d4 Nf6 2. Bg5 Ne4 3. Nf3 Nxg5 4. Nxg5 g6 5. e3 Nc6 6. Bb5 Bg7 7. Nc3 e5 8. Bc4 Qxg5 9. O-O d6 10. Qf3 O-O
11. Ne4 Qh5 12. Qxh5 gxh5 13. h4 b6 14. c3 Rd8 15. Bd3 Bf5 16. Rad1 Bxe4 17. Bxe4 d5 18. Bf3 Ne7 19. c4 c6 20. b3 Re8
21. Bxh5 Nf5 22. Bg4 Nxh4 23. g3 Ng6 24. c5 e4 25. Bd7 Red8 26. Bxc6 Rac8 27. Bb5 bxc5 28. dxc5 Rxc5 29. Ba4 Ne5 30. b4 Nf3+
31. Kg2 Rc4 32. a3 d4 33. Bb5 Rc3 34. a4 d3 35. Ba6 d2 36. Be2 Bf8 37. Bxf3 exf3+ 38. Kxf3 Bxb4 39. Ke2 Rcd3 40. f4 Bc5
41. e4 Re3+ 42. Kf2 Rdd3 43. Kg2 Rxg3+ 44. Kh2 Rh3+
0-1

[Event "DE LOS TRABAJADORES"]
[Site "SchemingMind.com"]
[Date "2012.05.22"]
[Round "-"]
[White "ray winteringham"]
[Black "zciwar"]
[Result "0-1"]
[WhiteCountry "ENG"]
[BlackCountry "POL"]
[WhiteElo "1519"]
[WhiteRD "49"]
[BlackElo "2102"]
[BlackRD "126"]
[GameID "310697"]

1. d4 Nf6 2. Bg5 Ne4 3. Bh4 c5 4. f3 g5 5. Bg3 Nxg3 6. hxg3 Qb6 7. dxc5 Qxb2 8. Nd2 Qc3 9. e4 Qxc5 10. Nb3 Qe3+
11. Qe2 Qxe2+ 12. Bxe2 Bg7 13. Rb1 Nc6 14. Bd3 Nb4 15. Bc4 Nxc2+ 16. Kf2 Na3 17. Rc1 Bb2 18. Bxf7+ Kxf7 19. Rc5 Bf6 20. Ne2 d6
21. Ra5 Nc4 22. Ra4 b5 23. Rb4 Bd7 24. Rc1 a5 25. Rbxc4 bxc4 26. Rxc4 Rhc8 27. Rxc8 Rxc8
0-1

[Event "DE LOS TRABAJADORES"]
[Site "SchemingMind.com"]
[Date "2012.05.21"]
[Round "-"]
[White "ray winteringham"]
[Black "emvarela"]
[Result "0-1"]
[WhiteCountry "ENG"]
[BlackCountry "ARG"]
[WhiteElo "1486"]
[WhiteRD "49"]
[BlackElo "1697"]
[BlackRD "45"]
[GameID "310698"]

1. d4 Nf6 2. Bg5 Ne4 3. Bh4 c5 4. f3 g5 5. Bg3 Nxg3 6. hxg3 Qb6 7. b3 cxd4 8. Na3 Bg7 9. Nc4 Qb4+ 10. Qd2 Qxd2+
11. Nxd2 d3 12. O-O-O dxc2 13. Kxc2 Nc6 14. e3 d6 15. Bb5 Bd7 16. Ne2 Nb4+ 17. Kb1 Bxb5 18. Nc1 Bd3+ 19. Nxd3 Nxd3 20. Rhf1 Rc8
21. Nc4 b5 22. Nxd6+ exd6 23. Rxd3 Ke7 24. Rfd1 Rc6 25. e4 Be5 26. f4 gxf4 27. gxf4 Bc3 28. g4 Rhc8 29. e5 dxe5 30. Rd7+ Ke6
31. f5+ Kf6 32. Rxa7 Bd4 33. Ra5 b4 34. Rb5 Bc3 35. a4 Kg5 36. Rg1 f6
0-1

[Event "DE LOS TRABAJADORES"]
[Site "SchemingMind.com"]
[Date "2012.05.18"]
[Round "-"]
[White "ray winteringham"]
[Black "lennart"]
[Result "1-0"]
[WhiteCountry "ENG"]
[BlackCountry "SWE"]
[WhiteElo "1513"]
[WhiteRD "53"]
[BlackElo "1543"]
[BlackRD "55"]
[GameID "310699"]

1. d4 d5 2. c4 dxc4 3. e4 b5 4. Nc3 a6 5. Nf3 h6 6. h3 e6 7. Be2 Nf6 8. e5 Nfd7 9. O-O c6 10. b3 c5
11. Be3 b4 12. Ne4 Bb7 13. Ned2 c3 14. Nc4 cxd4 15. Bxd4 Nc6 16. Qc2 Be7 17. a3 bxa3 18. Nxa3 Nxd4 19. Nxd4 Nxe5 20. Qxc3 Rc8
21. Nc4 O-O 22. Nxe6 fxe6 23. Qxe5 Kh8 24. Ne3 Bf6 25. Qg3 Bxa1 26. Rxa1 Qf6 27. Re1 e5 28. Bc4 e4 29. Ng4 Qd6 30. Qxd6
1-0

[Event "DE LOS TRABAJADORES"]
[Site "SchemingMind.com"]
[Date "2012.05.18"]
[Round "-"]
[White "ray winteringham"]
[Black "Scooter"]
[Result "0-1"]
[WhiteCountry "ENG"]
[BlackCountry "USA"]
[WhiteElo "1513"]
[WhiteRD "53"]
[BlackElo "1801"]
[BlackRD "49"]
[GameID "310700"]

1. d4 Nf6 2. Bg5 Ne4 3. Nf3 d5 4. e3 Bg4 5. Bh4 Nd7 6. Nbd2 Nxd2 7. Qxd2 Bxf3 8. gxf3 g6 9. Bg2 c6 10. O-O Qb6
11. b3 O-O-O 12. Rfb1 Re8 13. c4 e6 14. Bg3 Bg7 15. c5 Qd8 16. a4 e5 17. b4 f5 18. Ra2 g5 19. b5 f4 20. exf4 gxf4
21. Bxf4 exf4 22. Qxf4 Qf6 23. Qd2 Qxd4 24. Qa5 Qxc5 25. f4 Bc3 26. bxc6 Bxa5 27. cxb7+ Kb8 28. Raa1 Bb6 29. Kh1 Qxf2 30. Bxd5 Re2
0-1

[Event "DE LOS TRABAJADORES"]
[Site "SchemingMind.com"]
[Date "2012.05.23"]
[Round "-"]
[White "ray winteringham"]
[Black "Olli Ylönen"]
[Result "0-1"]
[WhiteCountry "ENG"]
[BlackCountry "FIN"]
[WhiteElo "1519"]
[WhiteRD "49"]
[BlackElo "1819"]
[BlackRD "52"]
[GameID "310701"]

1. d4 Nf6 2. Nc3 d5 3. Bg5 Nbd7 4. g3 h6 5. Bxf6 Nxf6 6. Bg2 c6 7. e3 Bf5 8. Nge2 e6 9. O-O Be7 10. a3 O-O
11. Na2 c5 12. c3 cxd4 13. Nxd4 Bg6 14. b4 e5 15. Nf3 Bh5 16. Qb3 e4 17. Nd4 b6 18. Nc6 Qd6 19. Nd4 Ng4 20. Nb5 Qe5
21. Nd4 Bg6 22. c4 dxc4 23. Qxc4 h5 24. Rac1 h4 25. Nc6 Qg5 26. Bxe4 Bf6 27. Bf3 Nxe3 28. fxe3 Qxe3+ 29. Kg2 h3+ 30. Kxh3 Bd3
31. Qb3 Bxf1+
0-1

[Event "DE LOS TRABAJADORES"]
[Site "SchemingMind.com"]
[Date "2012.05.18"]
[Round "-"]
[White "ray winteringham"]
[Black "cncbob"]
[Result "1-0"]
[WhiteCountry "ENG"]
[BlackCountry "ENG"]
[WhiteElo "1519"]
[WhiteRD "49"]
[BlackElo "1489"]
[BlackRD "79"]
[GameID "310702"]

1. d4 d5 2. c4 e6 3. c5 Nf6 4. Bg5 Be7 5. e3 h6 6. Bh4 O-O 7. Bd3 Nc6 8. Nf3 Nb4 9. a3 Nxd3+ 10. Qxd3 Bd7
11. b4 a6 12. Nc3 b5 13. cxb6 cxb6 14. O-O Bd6 15. Bg3 Bxg3 16. fxg3 Ne8 17. Ne5 Bc8 18. Rf2 Nf6 19. Raf1 Qe7 20. Na4 b5
21. Nc5 Nd7 22. Ncxd7 Bxd7 23. h4 Be8 24. g4 f6 25. Nf3 Rc8= 26. h5 Bd7 27. Nh4 Be8 28. g3 Qd6 29. Kg2 Rf7 30. Qg6 Rc3
31. Rf3 Qf8 32. Ra1 Rfc7 33. Qb1 Bf7 34. Qf1 Be8 35. Qe1 Bd7 36. e4 Rxf3 37. Nxf3 Qf7 38. e5 g5 39. Rc1 Rb7 40. Rc5 Be8
41. Nd2 f5 42. gxf5 Qxf5 43. Nf1 Bxh5 44. Qf2 Qxf2+ 45. Kxf2 Be8 46. Nh2 Rf7+ 47. Ke3 Kg7 48. Ng4 Ra7 49. Nf6 Bf7 50. Kf3 Kg6
51. g4 Kg7 52. a4 Rb7 53. axb5 axb5 54. Rc6 Ra7 55. Rb6 Ra3+ 56. Kg2 Rd3 57. Rxb5 Rxd4 58. Rb7 Rc4 59. Ne8+ Kg6 60. Nd6 Rxg4+
61. Kh3 Rf4 62. b5 d4 63. Rd7 g4+ 64. Kg3 Kg5 65. Nxf7+ Kf5 66. Nd6+ Kg5 67. Rg7+
1-0

[Event "DE LOS TRABAJADORES"]
[Site "SchemingMind.com"]
[Date "2012.05.20"]
[Round "-"]
[White "ray winteringham"]
[Black "kubinet"]
[Result "0-1"]
[WhiteCountry "ENG"]
[BlackCountry "GER"]
[WhiteElo "1486"]
[WhiteRD "49"]
[BlackElo "1637"]
[BlackRD "68"]
[GameID "310703"]

1. d4 d5 2. Nf3 Nf6 3. Bg5 e6 4. g3 Be7 5. Bg2 O-O 6. b3 Nbd7 7. c4 c6 8. c5 b6 9. b4 a5 10. Qb3 axb4
11. Qxb4 bxc5 12. Qc3 c4 13. O-O Ne4 14. Bxe7 Qxe7 15. Qe1 c5 16. Nc3 Nef6 17. e3 cxd4 18. Nxd4 Nc5 19. Nc6 Qc7 20. Nb4 Ra4
21. Nxa4 Nxa4 22. f3 Qc5 23. a3 Bd7 24. Qf2 e5 25. Rfc1 d4 26. exd4 exd4 27. f4 Bb5 28. Bf1 Ng4 29. Qe2 d3+ 30. Qf2 Qxf2+
0-1

[Event "DE LOS TRABAJADORES"]
[Site "SchemingMind.com"]
[Date "2012.05.19"]
[Round "-"]
[White "agarr"]
[Black "ray winteringham"]
[Result "1-0"]
[WhiteCountry "RUS"]
[BlackCountry "ENG"]
[WhiteElo "1854"]
[WhiteRD "66"]
[BlackElo "1513"]
[BlackRD "53"]
[GameID "310704"]

1. e4 e5 2. Nf3 Nc6 3. Bc4 d6 4. c3 Be7 5. d4 Bg4 6. Qb3 Bh5 7. Qxb7 Rb8 8. Qxc6+ Qd7 9. Qxd7+ Kxd7 10. dxe5 Bxf3
11. gxf3 Nh6 12. exd6 cxd6 13. Bb3 Ng8 14. Bxf7 Nh6 15. Bh5 Ng8 16. b3 Bf6 17. O-O Ne7 18. Rd1 Rhc8 19. Bb2 Rc6 20. f4 g6
21. Bg4+ Ke8 22. e5 dxe5 23. Bd7+ Kf7 24. Bxc6 Nxc6 25. c4 a5 26. Nc3 Nd4 27. Nd5 exf4 28. Nxf6
1-0

[Event "DE LOS TRABAJADORES"]
[Site "SchemingMind.com"]
[Date "2012.05.19"]
[Round "-"]
[White "TONYTODD11"]
[Black "ray winteringham"]
[Result "0-1"]
[WhiteCountry "ENG"]
[BlackCountry "ENG"]
[WhiteElo "1509"]
[WhiteRD "91"]
[BlackElo "1519"]
[BlackRD "49"]
[GameID "310705"]

1. e4 e5 2. f4 exf4 3. Nf3 d6 4. h3 Nf6 5. Nc3 Be6 6. d4 d5 7. e5 Ne4 8. Nxe4 dxe4 9. Nd2 Qh4+ 10. Ke2 Bg4+
11. Nf3 exf3+ 12. gxf3 Bh5 13. Bd2 Qg3 14. Kd3 Bxf3 15. Be1 Be2+ 16. Ke4 Qf3+
0-1

[Event "DE LOS TRABAJADORES"]
[Site "SchemingMind.com"]
[Date "2012.05.22"]
[Round "-"]
[White "zciwar"]
[Black "ray winteringham"]
[Result "1-0"]
[WhiteCountry "POL"]
[BlackCountry "ENG"]
[WhiteElo "2102"]
[WhiteRD "126"]
[BlackElo "1519"]
[BlackRD "49"]
[GameID "310706"]

1. d4 d5 2. c4 Bf5 3. Nc3 Nf6 4. cxd5 Nxd5 5. f3 Nf6 6. e4 Bg6 7. Qb3 b6 8. d5 c6 9. dxc6 Nxc6 10. Bb5 Rc8
11. Qa4 Qc7 12. Nd5 Qd6 13. Nb4 Kd7 14. Be3 Ke8 15. Rd1 Qe5 16. Bxc6+
1-0

[Event "DE LOS TRABAJADORES"]
[Site "SchemingMind.com"]
[Date "2012.05.21"]
[Round "-"]
[White "emvarela"]
[Black "ray winteringham"]
[Result "1-0"]
[WhiteCountry "ARG"]
[BlackCountry "ENG"]
[WhiteElo "1743"]
[WhiteRD "46"]
[BlackElo "1510"]
[BlackRD "50"]
[GameID "310707"]

1. e4 e5 2. Nf3 d6 3. d4 f6 4. Bc4 Bd7 5. dxe5 dxe5 6. Nc3 Bb4 7. Bd2 Ne7 8. a3 Ba5 9. b4 Bb6 10. Qe2 Qc8
11. O-O a6 12. Be3 Bxe3 13. Qxe3 Be6 14. Bxe6 Qxe6 15. Rad1 O-O 16. Nd5 Nxd5 17. exd5 Qe7 18. c4 Nd7 19. c5 Rfe8 20. d6 cxd6
21. Rxd6 Rad8 22. Rfd1 Nf8 23. Qb3+ Kh8 24. Rxd8 Rxd8 25. Rxd8 Qxd8 26. g3 h6 27. Kg2 Ng6 28. Qf7 Ne7 29. Nh4 Qd5+= 30. Qxd5 Nxd5
31. Nf5 Kg8= 32. Nd6 b6 33. c6 Kf8 34. a4 Ke7 35. Nf5+ Kd8 36. b5 a5 37. Nxg7 Nc3 38. Nf5 Nxa4 39. Nd6 Nc5 40. Nc4 Kc7
41. Kf3 e4+ 42. Ke3 h5 43. Kf4 Nd3+ 44. Kxe4 Nxf2+ 45. Kf5 Ng4 46. h3 Nf2 47. h4 Kc8= 48. Kxf6 Ne4+ 49. Kg6 Nxg3 50. Nxb6+ Kc7
51. Nc4 a4 52. Na3 Kb6 53. Kg5 Kc7 54. Kf4 Ne2+ 55. Ke5 Nc3 56. Kd4 Ne2+ 57. Kc5 Nf4= 58. b6+ Kc8 59. b7+ Kb8 60. Nb5 Ne6+
61. Kd6
1-0

[Event "DE LOS TRABAJADORES"]
[Site "SchemingMind.com"]
[Date "2012.05.18"]
[Round "-"]
[White "lennart"]
[Black "ray winteringham"]
[Result "0-1"]
[WhiteCountry "SWE"]
[BlackCountry "ENG"]
[WhiteElo "1543"]
[WhiteRD "55"]
[BlackElo "1513"]
[BlackRD "53"]
[GameID "310708"]

1. e4 e5 2. d4 exd4 3. Qxd4 Nc6 4. Qc4 d6 5. h3 h6 6. Be2 Be6 7. Qa4 Bd7 8. c3 Be7 9. Qd1 Nf6 10. Bf3 O-O
11. Ne2 a6 12. Nf4 Ne5 13. Be2 Re8 14. Nd2 Bc6 15. f3 d5 16. exd5 Nxd5 17. Nxd5 Bxd5 18. b3 Bh4+ 19. Kf1 b5 20. a4 bxa4
21. Rxa4 Bf6 22. c4 Bc6 23. Ra2 Qb8 24. Rb2 Ng6 25. Rb1 Nf4 26. Ne4 Nxe2 27. Qxe2 Bxe4 28. Qf2 Bxb1
0-1

[Event "DE LOS TRABAJADORES"]
[Site "SchemingMind.com"]
[Date "2012.05.19"]
[Round "-"]
[White "Scooter"]
[Black "ray winteringham"]
[Result "1-0"]
[WhiteCountry "USA"]
[BlackCountry "ENG"]
[WhiteElo "1801"]
[WhiteRD "49"]
[BlackElo "1513"]
[BlackRD "53"]
[GameID "310709"]

1. d4 Nf6 2. Nf3 d5 3. Bf4 e6 4. h3 Bd6 5. Bxd6 cxd6 6. c3 O-O 7. e3 Bd7 8. Nbd2 a6 9. Be2 Nc6 10. O-O b5
11. b3 Ne4 12. c4 Nc3 13. Qe1 b4 14. cxd5 Nxd5 15. Ne4 Qe7 16. Bc4 Nc3 17. Nxc3 bxc3 18. Qxc3 d5 19. Bd3 Rfc8 20. Qb2 Nb4
21. Rfd1 a5 22. a3 Nc6 23. Rdc1 Rcb8 24. Qb1 Na7 25. Bxh7+ Kh8 26. Bd3 Nb5 27. Ne5 a4 28. b4 Rc8 29. Nxd7 Qxd7 30. Bxb5 Qxb5
31. Rc5 Rxc5 32. bxc5 Qa5 33. Ra2 Qc7 34. Rb2 Qd8 35. Rb7 f5 36. Qd1 Qe8 37. Qe2 Rb8 38. Qa6 Ra8 39. Qd6 Qc8 40. Qe7
1-0

[Event "DE LOS TRABAJADORES"]
[Site "SchemingMind.com"]
[Date "2012.05.23"]
[Round "-"]
[White "Olli Ylönen"]
[Black "ray winteringham"]
[Result "1-0"]
[WhiteCountry "FIN"]
[BlackCountry "ENG"]
[WhiteElo "1819"]
[WhiteRD "52"]
[BlackElo "1519"]
[BlackRD "49"]
[GameID "310710"]

1. e4 e5 2. Nf3 d6 3. d4 exd4 4. Nxd4 Nf6 5. Nc3 Be7 6. Be2 h6 7. O-O c5 8. Nf3 O-O 9. Bf4 Bd7 10. Bxd6 Bxd6
11. Qxd6 b6 12. Nd5 Nxe4 13. Qe5 Re8 14. Qc7 Nc6 15. Qxd8 Raxd8 16. Bd3 Bf5 17. Bb5 Re6 18. Bxc6 Rxc6 19. Ne7+
1-0

[Event "DE LOS TRABAJADORES"]
[Site "SchemingMind.com"]
[Date "2012.05.19"]
[Round "-"]
[White "cncbob"]
[Black "ray winteringham"]
[Result "0-1"]
[WhiteCountry "ENG"]
[BlackCountry "ENG"]
[WhiteElo "1484"]
[WhiteRD "78"]
[BlackElo "1513"]
[BlackRD "53"]
[GameID "310711"]

1. e4 e5 2. Nf3 Nc6 3. Bc4 Nf6 4. Ng5 d5 5. exd5 Nxd5 6. Nxf7 Kxf7 7. Qf3+ Ke6 8. Nc3 Ne7 9. O-O c6 10. Re1 g6
11. d4 Bg7 12. Qf4 Qd6 13. Re4 Kd7 14. Qg4+ Kc7 15. Qd1 Nf5 16. Ne2 Be6 17. c3 Nxc3 18. Qd3 Bxc4 19. Qxc4 exd4 20. bxc3 Rae8
21. Rxe8 Rxe8 22. Bf4 Be5 23. g3 dxc3 24. Qe4 c2 25. Nc3 Bxc3 26. Bxd6+ Nxd6
0-1

[Event "DE LOS TRABAJADORES"]
[Site "SchemingMind.com"]
[Date "2012.05.20"]
[Round "-"]
[White "kubinet"]
[Black "ray winteringham"]
[Result "1-0"]
[WhiteCountry "GER"]
[BlackCountry "ENG"]
[WhiteElo "1637"]
[WhiteRD "68"]
[BlackElo "1486"]
[BlackRD "49"]
[GameID "310712"]

1. e4 e5 2. Nf3 Nc6 3. Bb5 Nf6 4. O-O d6 5. d4 Bd7 6. Nc3 a6 7. Ba4 b5 8. Bb3 Be7 9. a3 exd4 10. Nd5 Be6
11. Nxd4 Nxd4 12. Ba2 O-O 13. Qxd4 Bxd5 14. exd5 h6 15. b3 Nh7 16. Rb1 Bg5 17. c4 Bxc1 18. Rbxc1 Ng5 19. Bb1 Re8 20. Qd3 g6
21. Rce1 Qd7 22. f4 Nh7 23. Qg3 bxc4 24. bxc4 c6 25. f5 Rxe1 26. Rxe1 Kg7 27. fxg6 Ng5 28. gxf7 Qxf7 29. h4
1-0